000 00739nam a2200265Ia 4500
003 OSt
005 20220918165527.0
006 a|||||r|||| 00| 0
007 ta
008 220917b |||||||| |||| 00| 0 eng d
020 _a8124600090 (hbk)
024 _a148,009
037 _cTextual
040 _aARTS
_cARTS
_beng
041 _2eng
_aeng
082 _aQ1:g(G:5), N4;1
100 _aVannucci M
_924616
245 0 _aEcological readings in the Veda
_b matter energy life
260 _aNew Delhi
_bD K Publications
_c1994
300 _a216p.
_ccm.
490 _aReconstructing Indian history & culture; 5
650 _aRELIGION
942 _hQ1:g(G:5), N4;1
_cTEXL
_2CC
999 _c130223
_d130223